Statistiques concernant Les villes françaises traversées par la Loire

Cliquez ici pour prendre le quiz!

Statistiques générales

  • Ce quiz a été pris 114 fois
    (91 depuis la dernière actualisation)
  • Le résultat moyen est 9 sur 15

Statistiques - réponses

IndicesVille% Correct
44 - N6Nantes
98%
37 - T5Tours
93%
45 - O7Orléans
91%
41 - B5Blois
85%
44 - S12Saint-Nazaire
78%
42 - S12Saint Etienne
75%
58 - N6Nevers
72%
42 - R6Roanne
59%
49 - S6Saumur
59%
37 - A7Amboise
42%
45 - G4Gien
41%
44 - A7Ancenis
39%
18 - S8Sancerre
27%
45 - B6Briare
14%
58 - C5Cosne sur Loire
7%

Distribution des résultats

Percentile par nombre de réponses

% des personnes avec chaque résultat

Votre développement - résultats

Vous n’avez pas pris ce quiz depuis la dernière actualisation